000 00616nam a2200205 i 4500
001 37034
003 ES-MaACL
005 20250808015940.0
007 t|
008 030220s1968 sp ||||1| spa d
100 1 _aBrungs, Robert A.
_932176
245 1 0 _aPueblo sacerdotal /
_cpor Robert A. Brungs ; [traducción de Angel Sáiz].
260 _aSantander :
_bSal Terrae,
_c[1968]
300 _a158 p. ;
_c22 cm.
490 1 _aEspíritu y vida ;
_v17
700 1 _aSáiz, Angel.
_9101619
830 0 0 _aEspíritu y vida
_v17
_9181679
852 _aES-MaACL
_jC-46978
_bR.68466
999 _c37034
_d37034